000 006060000a22001810004500
003 MACL
005 20160204131656.0
008 160204b xxu||||| |||| 00| 0 eng d
040 _aMACL
_cMACL
041 _aSanskrit
082 _a020/AGA
100 _aअग्रवाल श्‍यामसुन्‍दर
_936883
245 _aग्र‍न्‍थालय सूचीकरण एक अध्‍ययन
260 _bमध्‍यप्रदेश हिन्‍दी
_c1980
_aउज्‍जेन
350 _a22
650 _aLibrary & Science
_957
942 _cSAN
_k020
_2ddc
999 _c29379
_d29379